Fundamentals of corporate finance /
'Fundamentals of Corporate Finance', by Brealey, Myers and Marcus, provides students with a solid framework of theory and application to use well after they complete the course. This author team is known for their outstanding research, teaching efforts, and world-renowned finance textbooks...
| Prif Awdur: | |
|---|---|
| Awduron Eraill: | , |
| Fformat: | Llyfr |
| Iaith: | English |
| Cyhoeddwyd: |
New York, NY :
McGraw Hill Education,
2020
♭2020 |
| Rhifyn: | Tenth edition. |
| Cyfres: | McGraw-Hill/Irwin series in finance, insurance, and real estate.
|
| Pynciau: | |
| Classic Catalogue: | View this record in Classic Catalogue |
| LEADER | 01983nam a22004094i 4500 | ||
|---|---|---|---|
| 001 | 36764 | ||
| 003 | BD-DhAAL | ||
| 005 | 20211129112626.0 | ||
| 008 | 191202t2020 nyua b 001 0 eng d | ||
| 999 | |c 41368 |d 41368 | ||
| 020 | |a 9781260566093 | ||
| 020 | |a 1260566099 | ||
| 035 | |a (OCoLC)1105628915 | ||
| 040 | |a CDX |b eng |e rda |c CDX |d OCLCO |d OCLCF |d AEBUD |d BD-DhAAL | ||
| 049 | |a MYGG | ||
| 050 | 4 | |a HG4026.B82 2020 | |
| 082 | 0 | 4 | |a 658.15 |2 23 |
| 100 | 1 | |a Brealey, Richard A. |9 37851 | |
| 245 | 1 | 0 | |a Fundamentals of corporate finance / |c Richard A. Brealey, Stewart C. Myers, Alan J. Marcus. |
| 250 | |a Tenth edition. | ||
| 250 | |a International Student Edition. | ||
| 260 | |a New York, NY : |b McGraw Hill Education, |c 2020 | ||
| 264 | 4 | |c ♭2020 | |
| 300 | |a xxxi, 728 pages : |b illustrations ; |c 28 cm. | ||
| 490 | 1 | |a McGraw-Hill/Irwin series in finance, insurance, and real estate | |
| 504 | |a Includes bibliographical references and index. | ||
| 520 | |a 'Fundamentals of Corporate Finance', by Brealey, Myers and Marcus, provides students with a solid framework of theory and application to use well after they complete the course. This author team is known for their outstanding research, teaching efforts, and world-renowned finance textbooks, so it's no surprise that they provide clear exposition of difficult material without sacrificing up-to-date, technically correct treatments. | ||
| 526 | |a BBS | ||
| 541 | |a Karim International |e 36764 | ||
| 650 | 0 | |a Corporations |x Finance. |9 37852 | |
| 650 | 0 | |a Business & finance. |9 43365 | |
| 700 | 1 | |a Myers, Stewart C. |9 37853 | |
| 700 | 1 | |a Marcus, Alan J. |9 37854 | |
| 830 | 0 | |a McGraw-Hill/Irwin series in finance, insurance, and real estate. |9 37855 | |
| 852 | |a Ayesha Abed Library |c General Stacks | ||
| 942 | |2 ddc |c BK | ||
| 952 | |0 0 |1 0 |2 ddc |4 0 |6 658_150000000000000_BRE |7 0 |9 67321 |a BRACUL |b BRACUL |c GEN |d 2019-12-01 |e Karim International |g 4380.00 |l 2 |m 16 |o 658.15 BRE |p 3010036764 |r 2025-10-30 |s 2025-10-09 |t 1 |v 4380.00 |w 2019-12-01 |y BK | ||